000 00952nam a2200229Ia 4500
999 _c40854
_d40854
001 7495
003 GE_BSU
005 20221101114851.0
008 181216s2013ru xx |||||||||||||| ||rus||
020 _a9789941434389
040 _cGE_BSU
041 _arus
080 _a811.161.1 А-95
100 _aАхвледиани, Мераб.
_96815
245 _aСинтаксис. Сложное предложение
_bКурс лекции. Учебное пособие для вузов /
_cМераб Ахвледиани, Ред. Марине Арошидзе.
264 _aБатуми :
_bГосуд.ун-т Шота Руставели,
_c2013.
300 _a164 стр.:
_b21 см.
653 _aСинтаксис. Сложное предложение
653 _aᲡინტაქსი. რთული წინადადება
700 _aАрошидзе, Марине
_eრედაქტორი
_94902
942 _cBK
_2udc